000 00602nam a2200217Ia 4500
003 OSt
005 20220926014621.0
006 a|||||r|||| 00| 0
007 ta
008 220923b |||||||| |||| 00| 0 eng d
037 _cGeneral Book
040 _aRTL
_cRTL
_beng
041 _2eng
_aeng
082 _aX:9, J0;1
100 _aWatkins G S etc.
_9320878
245 0 _aManagement of personnel and labour relations
260 _aNew York
_bMcgraw-Hill Book co. inc.
_c1950
300 _a974p
_ccm.
942 _hX:9, J0;1
_cGB
_2CC
999 _c629490
_d629490